000 00432nam a2200205Ia 4500
001 002207
003 YMCAF
005 20230512160132.0
008 100717s1971 ||||||||||||||||| ||und|d
024 _a2207
035 _a2188
040 _aYMCAF
_beng
_cIN-KoLT
041 _aeng
082 _aALL-RAJ
100 _aRAJ NIWAS M.
245 0 _aALL INDIA ASSOCIATON FOR C.
260 _c1971
300 _a156
942 _2ddc
_cBK
999 _c1778
_d1778